He opened the door of Japan ; Townsend Harris and the story of his amazing adventures in establishing American relations with the Far East.

Bibliographic Details
Main Author: Crow, Carl, 1883-1945
Format: Book
Language:English
Published: New York : Harper, 1939.
Subjects:

MARC

Tag First Indicator Second Indicator Subfields
LEADER 00000cam a2200000 4500
001 in00000060408
005 20151007082605.0
008 740425s1939 eng u
010 |a  39027181  
035 |a (OCoLC)00869225 
035 |9 AAF8108AM 
040 |c BZM  |d TXA  |d UtOrBLW 
049 |a TXAM  |c [234926] 
050 0 |a DS881.3  |b .C7 
082 0 |a 923.273 
092 |a 327.52  |b C953h 
100 1 |a Crow, Carl,  |d 1883-1945. 
245 1 0 |a He opened the door of Japan ;  |b Townsend Harris and the story of his amazing adventures in establishing American relations with the Far East. 
264 1 |a New York :  |b Harper,  |c 1939. 
300 |a xvii, 275 pages :  |b frontispiece, plates, portraits ;  |c 23 cm. 
336 |a text  |b txt  |2 rdacontent 
337 |a unmediated  |b n  |2 rdamedia 
338 |a volume  |b nc  |2 rdacarrier 
500 |a "First edition." 
500 |a London edition (H. Hamilton) has title: Harris of Japan. 
504 |a Bibliography: pages 273-275. 
600 1 0 |a Harris, Townsend,  |d 1804-1878. 
651 0 |a United States  |x Foreign relations  |z Japan. 
651 0 |a Japan  |x Foreign relations  |z United States. 
999 |a MARS 
999 f f |s 5d1107c6-5362-3ee0-b504-c89a2a2f619b  |i 5375279f-48c8-3997-967f-2928cf7b49d3  |t 0 
952 f f |p ric  |a Texas A&M University  |b Rellis Campus  |c Joint Library Facility  |d Remote Storage  |t 0  |e DS881.3 .C7  |h Library of Congress classification  |i unmediated -- volume  |m A14800676395 
998 f f |a DS881.3 .C7  |t 0  |l Remote Storage